000 00884cam a22002534a 4500
003 OSt
005 20260318114442.0
008 031210s2005 enk b 001 0 eng
020 _a9780195681482
040 _cHDL
_beng
082 0 0 _a294.5 P5
_222
100 0 _aManu
_c(Lawgiver).
_91132427
240 1 0 _aMānavadharmaśāstra.
_lEnglish & Sanskrit
245 1 0 _aManu's code of law :
_ba critical edition and translation of the Manava-Dharmasastra /
_cPatrick Olivelle ; with the editorial assistance of Suman Olivelle.
260 _aOxford ;
_aNew York :
_bOxford University Press,
_c2005.
300 _ax, 1131 p. ;
_c25 cm.
490 1 _aSouth Asia research
650 0 _aHindu law
_vSources.
_91132428
650 0 _aLaw
_zIndia
_vSources.
_91132429
650 0 _aLaw
_zIndia
_xHistory.
_91132430
700 1 _aOlivelle, Patrick.
942 _cTEXL
_2CC
_n0
999 _c1715674
_d1715674